000 00292nam a2200121Ia 4500
008 220216s9999 xx 000 0 und d
100 _aDoyle G M
245 0 _aAspects of rubber-textile adhesion
260 _bIRI Transactions
_c1960
300 _a177-194
650 _aAdhesion
942 _cJS
999 _c54511
_d54511